000 00295nam a22001337a 4500
008 170220b xxu||||| |||| 00| 0 eng d
020 _a9780763759612
041 _aeng
080 _a615
100 _a5
101 _aSHF
245 _aMATH FOR FARMACY TECHNICIANS
_cZENTZ, L.C
942 _2udc
_cBK
999 _c5891
_d5891